| 000 | 00519nam a2200181 a 4500 | ||
|---|---|---|---|
| 001 | 2238 | ||
| 005 | 20140414131923.0 | ||
| 008 | 001116s19uu xx 00 eng d | ||
| 020 | _a0-7105-0680-5 | ||
| 050 |
_aER _bSp4 |
||
| 100 | _aPatience, John | ||
| 245 |
_aSpike and the cowboy band / _cwritten and illustrated by John Patience. |
||
| 260 |
_aBridlington, England : _bPeter Haddock. |
||
| 300 | _ap. : ill., col. ; cm. | ||
| 440 | _aTales from from the Fern Hollow | ||
| 650 | _aFolktales. | ||
| 999 |
_c111882 _d111882 |
||